Historias de la Biblia / (Registro nro. 30270)
[ vista simple ]
| 000 -LÍDER | |
|---|---|
| campo de control de longitud fija | 01296nam a22002537a 4500 |
| 005 - FECHA Y HORA DE LA ÚLTIMA | |
| campo de control | 20231222182651.0 |
| 008 - ELEMENTOS DE DATOS DE LONGITUD FIJA - INFORMACIÓN GENERAL | |
| campo de control de longitud fija | 231002b |||||||| |||| 00| 0 eng d |
| 020 ## - NÚMERO INTERNACIONAL NORMALIZADO DEL LIBRO | |
| Número de libro estándar internacional | 8430538313 |
| 037 ## - FUENTE DE ADQUISICIÓN | |
| Materials specified | Donación |
| 040 ## - FUENTE DE CATALOGACIÓN | |
| Agencia de catalogación original | CO-JMCR |
| Agencia de transcripción | CO-JMCR |
| Agencia modificadora | CO-JMCR |
| Convenciones de descripción | rda |
| 082 ## - NÚMERO DE CLASIFICACIÓN DECIMAL DEWEY | |
| Número de edición | 23 |
| Número de clasificación | 220.95 |
| Número de artículo | B25 |
| 100 ## - ENTRADA PRINCIPAL - NOMBRE PERSONAL | |
| Nombre personal | Barnes, Trevor |
| Término relativo | Narrador |
| 9 (RLIN) | 43104 |
| 245 ## - DECLARACIÓN DEL TÍTULO | |
| Título | Historias de la Biblia / |
| Declaración de responsabilidad, etc. | Trevor Barnes; traducida por Pilar Tutor |
| 246 ## - FORMA VARIABLE DEL TÍTULO | |
| Título propiamente dicho/título corto | The kingfisher children´s bible |
| 260 ## - PUBLICACIÓN, DISTRIBUCIÓN, ETC. | |
| Lugar de publicación, distribución, etc. | Madrid: |
| Nombre del editor, distribuidor, etc. | Susaeta |
| 300 ## - DESCRIPCIÓN FÍSICA | |
| Medida | 255 páginas |
| Otros detalles fisicos | Ilustraciones a color |
| Dimensiones | 28 cm |
| 520 ## - RESUMEN, ETC. | |
| Resumen, etc | Además de una fuente de inspiración y enseñanzas, la biblia es un tesoro que encierra las historias mas maravillosas que han cautivado a los hombres desde hace miles de años. Esta cuidadosa edición adaptada, con unas excepcionales ilustraciones, incluye todos los episodios relevantes del antiguo y el nuevo testamento así como un apartado dedicado a la época, los personajes y los escenarios de la biblia. Un libro imprescindible con el que podría disfrutar toda la familia. |
| 521 ## - NOTA PARA EL PÚBLICO OBJETIVO | |
| Nota de público objetivo | Infantil |
| 650 ## - ENTRADA AÑADIDA DE ASUNTO - TÉRMINO TEMÁTICO | |
| Fuente del encabezado o término | JMCR |
| -- | Historias de la biblia |
| 9 (RLIN) | 5659 |
| 650 ## - ENTRADA AÑADIDA DE ASUNTO - TÉRMINO TEMÁTICO | |
| Fuente del encabezado o término | JMCR |
| -- | Biblia para niños |
| 9 (RLIN) | 43105 |
| 650 ## - ENTRADA AÑADIDA DE ASUNTO - TÉRMINO TEMÁTICO | |
| Fuente del encabezado o término | JMCR |
| -- | Biblia ilustrada |
| Subdivisión general | infantil |
| 9 (RLIN) | 43106 |
| 700 ## - ENTRADA AGREGADA - NOMBRE PERSONAL | |
| Nombre personal | Tutor, Pilar |
| 9 (RLIN) | 43107 |
| 942 ## - ELEMENTOS DE ENTRADA AÑADIDOS (KOHA) | |
| Source of classification or shelving scheme | Dewey Decimal Classification |
| Tipo de artículo Koha | Books |
| 999 ## - | |
| -- | 30270 |
| -- | 16654 |
| Estado retirado |
|---|